000 00561nam a2200217Ia 4500
005 20250206060259.0
008 240331s9999 xx 000 0 und d
020 _a0415083397
082 _bASS
_25192
_a305.401
100 _aAssiter, A
245 0 _aEnlightened Women:
_bModernist Feminism in a Postmodern Age
260 _aNew York;
_aLondon
_bRoutledge
_c1996
300 _ax, 164 p.,
650 _aWomen
650 _aPostmodernism
650 _aFeminism
650 _aRealism
650 _aFeminist Epistemology
650 _aSexuality
942 _cL
999 _c1742
_d1742